书目信息 |
| 题名: |
说舞
|
|
| 作者: | 资华筠 主编 | |
| 分册: | ||
| 出版信息: | 北京 文化艺术出版社 2006.12 |
|
| 页数: | 410页 | |
| 开本: | 21cm | |
| 丛书名: | ||
| 单 册: | ||
| 中图分类: | J7 | |
| 科图分类: | ||
| 主题词: | 舞蹈艺术--wu dao yi shu--研究 | |
| 电子资源: | ||
| ISBN: | 7-5039-3210-4 | |
| 000 | 00888nam0 2200253 450 | |
| 001 | 012008535382 | |
| 005 | 20080509113400.27 | |
| 010 | @a7-5039-3210-4@dCNY25.00 | |
| 100 | @a20080509d2006 em y0chiy0120 ea | |
| 101 | 0 | @achi |
| 102 | @aCN@b110000 | |
| 105 | @aa a 001yy | |
| 106 | @ar | |
| 200 | 1 | @a说舞@Ashuo wu@e舞蹈学研究文萃@f资华筠主编@Fzi hua jun zhu bian |
| 210 | @a北京@c文化艺术出版社@d2006.12 | |
| 215 | @a410页@c图@d21cm | |
| 320 | @a有书目和索引 | |
| 330 | @a本书汇集了十几位著名舞蹈理论家的著作,分别从舞蹈史、舞蹈理论和舞蹈文化三方面,详细论证了舞蹈演变发展的过程、世界舞蹈发展的趋势、舞蹈的美学意义以及舞蹈与文化的承继关系等论题。 | |
| 517 | 1 | @a舞蹈学研究文萃@Awu dao xue yan jiu wen cui |
| 606 | 0 | @a舞蹈艺术@Awu dao yi shu@x研究 |
| 690 | @aJ7@v4 | |
| 701 | 0 | @a资华筠@Azi hua jun@4主编 |
| 801 | 0 | @aCN@bQSSK@c20080509 |
| 905 | @b709377-78@dJ7@eZ949@f2 | |
| 说舞:舞蹈学研究文萃/资华筠主编.-北京:文化艺术出版社,2006.12 |
| 410页:图;21cm |
| ISBN 7-5039-3210-4:CNY25.00 |
| 本书汇集了十几位著名舞蹈理论家的著作,分别从舞蹈史、舞蹈理论和舞蹈文化三方面,详细论证了舞蹈演变发展的过程、世界舞蹈发展的趋势、舞蹈的美学意义以及舞蹈与文化的承继关系等论题。 |
| ● |
| 相关链接 |
|
|
|
正题名:说舞
索取号:J7/Z949
 
预约/预借
| 序号 | 登录号 | 条形码 | 馆藏地/架位号 | 状态 | 备注 |
| 1 | 709377 | 207093777 | 社科库309/309社科库 95排1列1层/ [索取号:J7/Z949] | 在馆 | |
| 2 | 709378 | 207093786 | 社科库309/309社科库 95排1列1层/ [索取号:J7/Z949] | 在馆 |